000 00537nam a2200193Ia 4500
005 20250508153026.0
008 008 250505s9999 xx 000 0 eng d
037 _aTextual
040 _aFEDL
_beng
_cFEDL
041 _aeng
_2eng
084 _a001.5, FAI
_qFEDL
100 _aFairthorne R A
_946298
245 0 _aTowards information retrieval
260 _aLondon, UK
_bButter Worths and Co.Ltd.
_c1961
300 _axxiii,211p
650 _aCommunication
942 _cTEXL
_h001.5, FAI
999 _c1340218
_d1340218